| 000 | 01753cad a22002415a 4500 | ||
|---|---|---|---|
| 001 | L148886 | ||
| 008 | 091123e20090921xxk f 000 0 eng d | ||
| 035 | _a(Sirsi) u148886 | ||
| 041 | 0 | _aeng | |
| 050 | _a692.8 $2 18 | ||
| 110 | 2 |
_aOffice of Fair Trading _91355 |
|
| 245 | 0 | 0 |
_aDecision of the Office of Fair Trading no. CA98/02/2009 _bbid-rigging in the construction industry in England (Case CE/4327-04), 21 September 2009 _h[electronic resource] |
| 260 |
_aLondon _bOFT _c2009 |
||
| 490 |
_aOFT Decision _v(CA98/02/2009) |
||
| 505 | _aIntroduction -- Factual background -- Legal background -- The conduct of the parties -- Legal assessment -- Enforcement -- Annex A: Navigation table -- Annex B: List of markets affected by each of the infringements -- Annex C: List of parties whose Company Directors the OFT considers were involved in one or more of the infringements -- Annex D: Annexes to definition of relevant markets | ||
| 520 | _aPresents the full decision of the Office of Fair Trading on bid-rigging in the construction industry in England. Reports that the Office of Fair Trading has imposed fines on 103 construction firms for illegal bid-rigging following one of its largest Competition Act investigations. Accompanying documents on the web page include: a table of infringements; an information note to procuring entities in the public and private sectors; and a table of parties and fines. | ||
| 590 | _aKA NTK | ||
| 650 | 2 | 4 | _aCOMPETITION ACT 1998 |
| 651 | 4 |
_aEngland _y886- |
|
| 690 | _aMANAGEMENT-BUSINESS MANAGEMENT-PROFESSIONAL PRACTICE | ||
| 856 | 4 | 0 |
_uhttps://www.oft.gov.uk/advice_and_resources/resource_base/ca98/decisions/bid_rigging_construction _zView the decision free of charge at www.oft.gov.uk... |
| 942 | _n0 | ||
| 999 |
_c81989 _d81989 |
||